धूमाभ दिगन्त / (Record no. 113436)

MARC details
000 -LEADER
fixed length control field 01271nam a22002777a 4500
005 - DATE AND TIME OF LATEST TRANSACTION
control field 20170124102953.0
010 ## - LIBRARY OF CONGRESS CONTROL NUMBER
LC control number A-460713
020 ## - INTERNATIONAL STANDARD BOOK NUMBER
Terms of availability 60.00
035 ## - SYSTEM CONTROL NUMBER
System control number A-460713
037 ## - SOURCE OF ACQUISITION
Source of stock number/acquisition Cen Lib/Ret
040 ## - CATALOGING SOURCE
Original cataloging agency DPL
Language of cataloging HN
082 ## - DEWEY DECIMAL CLASSIFICATION NUMBER
Classification number
Item number दासम
100 ## - MAIN ENTRY--PERSONAL NAME
Personal name दास, मनोज
9 (RLIN) 2233
245 ## - TITLE STATEMENT
Title धूमाभ दिगन्त /
Statement of responsibility, etc मनोज दास; अनुवादक राजेन्द्र प्रसाद मिश्र
246 ## - VARYING FORM OF TITLE
Title proper/short title Dhoopmabh digant /
Remainder of title by Manoj Dsa; anuvadak Rajendra Prasad Mishra
260 ## - PUBLICATION, DISTRIBUTION, ETC. (IMPRINT)
Place of publication, distribution, etc नयी दिल्ली
Name of publisher, distributor, etc भारतीय ज्ञानपीठ प्रकाशन
Date of publication, distribution, etc 1990
270 ## - ADDRESS
Address 18, इंस्टीट्युशनल एरिया., लोधी रोड
City नयी दिल्ली
Postal code 110003
300 ## - PHYSICAL DESCRIPTION
Extent xiii, 148पृ.
Dimensions 21सेमी (सजिल्द)
500 ## - GENERAL NOTE
General note परिशिष्ट शामिल
650 ## - SUBJECT ADDED ENTRY--TOPICAL TERM
Topical term or geographic name as entry element हिन्दी साहित्य
9 (RLIN) 52230
650 ## - SUBJECT ADDED ENTRY--TOPICAL TERM
Topical term or geographic name as entry element हिन्दी उपन्यास
9 (RLIN) 52231
650 ## - SUBJECT ADDED ENTRY--TOPICAL TERM
Topical term or geographic name as entry element Hindi literature
9 (RLIN) 52232
650 ## - SUBJECT ADDED ENTRY--TOPICAL TERM
Topical term or geographic name as entry element Hindi novel
9 (RLIN) 52233
700 ## - ADDED ENTRY--PERSONAL NAME
Personal name मिश्र, राजेन्द्र प्रसाद
9 (RLIN) 42563
942 ## - ADDED ENTRY ELEMENTS (KOHA)
Source of classification or shelving scheme Dewey Decimal Classification
Koha item type Hindi Books
Classification part
Call number suffix दासम
Holdings
Withdrawn status Lost status Damaged status Not for loan Home library Current library Date acquired Source of acquisition Cost, normal purchase price Total Checkouts Full call number Barcode Date last seen Copy number Cost, replacement price Price effective from Koha item type Public note
Written off       Central Library Central Library 12/08/2015 Cen Lib/Ret 60.00   उ दासम A-460713 12/08/2015 1 60.00 12/08/2015 Hindi Books Written off on approval by DLB (By Circulation); dtd 15-06-2023

© Delhi Public Library
Hit Counter
free hit counter